00493ntaaa2200169 45000030003000000050017000030080021000200400037000410820017000781000019000952450028001142500010001422600031001523000010001835000090001936500040002830120251027202933.00714s1973 ag 01  aAR-BaBNbspacAR-BaBNeaacrdRIC a922.8200 K77 aWaugh, Evelyn  aThe life of Ronald Knox a1 ed. aLondon : bCollins, c1962 a317 p aBiografía de Ronald Arbuthnott Knox (1888-1957), católico, quen tradujo la Biblia aKnox, Ronald Arbuthnott (1888-1957)